Farabeuf /
Salvato in:
| Autore principale: | |
|---|---|
| Natura: | Sconosciuto |
| Lingua: | Spanish |
| Pubblicazione: |
Barcelona, España :
Montesinos,
1981.
|
| Soggetti: | |
| Tags: |
Aggiungi Tag
Nessun Tag, puoi essere il primo ad aggiungerne!!
|
MARC
| LEADER | 000000000a22000000004500 | ||
|---|---|---|---|
| 001 | 013038 | ||
| 020 | |a 8485859189 | ||
| 041 | 0 | |a spa | |
| 082 | 0 | 4 | |a M863.4 |b E43f |
| 100 | 1 | |a Elizondo, Salvador, |d 1932- | |
| 245 | 1 | 0 | |a Farabeuf / |c Salvador Elizondo. |
| 260 | 1 | |a Barcelona, España : |b Montesinos, |c 1981. | |
| 300 | |a 183 páginas | ||
| 500 | |a Material disponible en BCMA | ||
| 650 | 4 | |a LITERATURA MEXICANA | |
| 650 | 4 | |a NOVELA | |
| 500 | |a Colección George Yúdice | ||
| 999 | |c 18982 |d 18982 | ||
| 942 | |c BK |h M863.4 E43f |2 z | ||



